| 000 | 01125nam a22003617a 4500 | ||
|---|---|---|---|
| 003 | CHAP | ||
| 005 | 20220329140435.0 | ||
| 008 | 971013s1994 r 00010 d | ||
| 010 | _a51965 | ||
| 011 | _a52937 | ||
| 035 | _a57087 | ||
| 040 | _cCHAP | ||
| 082 |
_a634.9752 _bR6 1994 |
||
| 100 | 0 | 0 |
_aRose, A. H. _9100069 |
| 245 | _aInsects of eastern spruces, fir and hemlock | ||
| 250 | _aEd. rev. | ||
| 260 |
_aOttawa : _bCanadian Forest Service, _c1994 |
||
| 300 |
_a159 p. _b: ilus. |
||
| 590 |
_aBATCH-UPD _b10 _c20130110 _lUCH01 _h0536 |
||
| 590 |
_aBATCH-UPD _b10 _c20130410 _lUCH01 _h0216 |
||
| 590 |
_aBATCH-UPD _b10 _c20130914 _lUCH01 _h1646 |
||
| 590 |
_aCONVERSION _b10 _c20130109 _lUCH01 _h1328 |
||
| 650 | 1 | 4 |
_aAbeto _xPlagas. _9219 |
| 650 | 1 | 4 |
_aÁrboles _xPlagas. _982440 |
| 650 | 1 | 4 |
_aInsectos _xIdentificación. _958929 |
| 650 | 1 | 4 |
_aOyamel _xPlagas. _984475 |
| 650 | 1 | 4 |
_aPináceas _xCanadá. _988219 |
| 650 | 1 | 4 |
_aPináceas _xPlagas. _988257 |
| 700 | 0 |
_aLindquist, O. H. _966953 |
|
| 901 | _aBK | ||
| 942 | _cLIBRO | ||
| 949 |
_a634.9752 R6 1994 _bBC _cC _d33724000650727 _eC _gI. 180364 _h89766 _i57087 _si _t381.00 |
||
| 999 |
_c51965 _d51965 |
||